000 00342nam a2200145Ia 4500
005 20251222154358.0
008 251222s9999||||xx |||||||||||||| ||spa||
020 _a8475170412
082 _a862/S27
100 _aSavater, Fernando
245 0 _aJuliano en Eleusis
250 _a1ra.ed.
264 _bEdiciones Hiperion, S.L.
942 _cLIB
999 _c35158
_d35158